History Quiz

Random History or Century Quiz

20th Century Figures Match-up Quiz Stats

 Plays Quiz Updated Feb 5, 2016

Challenge
Share
Tweet
Score 0/42 Timer 08:00
6 Plays Today
% Correct
Winston
98.3%
Fidel
97.8%
Ronald
97.8%
Saddam
97.5%
Richard
97.4%
Nelson
97.2%
Margaret
97.1%
Woodrow
95.8%
Mohandas
92.9%
Mikhail
92.7%
Charles
91.9%
Henry
91.5%
Hồ Chí
90.9%
Yasser
88.8%
Mao
88.2%
Vladimir
86.3%
Heinrich
85.4%
Kim
85%
Nikita
84.5%
Leon
84.3%
Desmond
83.7%
% Correct
Idi
78.3%
Joseph
77.6%
Anwar
76.1%
Slobodan
74.8%
Francisco
74.6%
Golda
72.3%
Chiang
71.8%
Benazir
70%
Lech
67.7%
Ruhollah
67%
Jiang
65.5%
Corazon
62.1%
Augusto
60.8%
Nicolae
60.7%
Hideki
58.5%
Mustafa Kemal
56.7%
Marcus
54.5%
Salvador
48.6%
Zhou
45.9%
Konrad
44.6%
Alexander
40.2%

You're not logged in!

Compare scores with friends on all Sporcle quizzes.
OR
Log In

You Might Also Like...

Show Comments

Extras

Top Quizzes Today


Score Distribution

Your Account Isn't Verified!

In order to create a playlist on Sporcle, you need to verify the email address you used during registration. Go to your Sporcle Settings to finish the process.

Report this User

Report this user for behavior that violates our Community Guidelines.

Details: